|
|
|
|
| LEADER |
00000nam0a2200000 4500 |
| 001 |
270301 |
| 005 |
20231101234332.0 |
| 035 |
|
|
|a (RuTPU)RU\TPU\book\293482
|
| 090 |
|
|
|a 270301
|
| 100 |
|
|
|a 20140925d1986 k y0rusy5003 ca
|
| 101 |
0 |
|
|a rus
|
| 102 |
|
|
|a RU
|
| 105 |
|
|
|a a z 001zy
|
| 200 |
1 |
|
|a Охрана труда в энергетике
|f Московский энергетический институт (МЭИ) ; гл. ред. П. А. Долин
|
| 210 |
|
|
|a Москва
|c Изд-во МЭИ
|d 1986
|
| 215 |
|
|
|a 94 с.
|c ил.
|d 20 см
|
| 225 |
1 |
|
|a Сборник научных трудов [МЭИ]
|v № 101
|
| 320 |
|
|
|a Библиогр. в конце ст.
|
| 606 |
1 |
|
|a Энергетические предприятия
|x Охрана труда
|2 stltpush
|3 (RuTPU)RU\TPU\subj\21241
|9 46261
|
| 610 |
1 |
|
|a воздушные линии электропередачи
|
| 610 |
1 |
|
|a напряжение
|
| 610 |
1 |
|
|a биообъекты
|
| 610 |
1 |
|
|a физическое моделирование
|
| 610 |
1 |
|
|a импульсные магнитные поля
|
| 610 |
1 |
|
|a экспериментальные установки
|
| 610 |
1 |
|
|a помехи
|
| 610 |
1 |
|
|a бытовые приборы
|
| 610 |
1 |
|
|a пожарная опасность
|
| 610 |
1 |
|
|a изоляция
|
| 610 |
1 |
|
|a предупредительная сигнализация
|
| 610 |
1 |
|
|a электрические поля
|
| 610 |
1 |
|
|a магнитные поля
|
| 610 |
1 |
|
|a законодательство
|
| 675 |
|
|
|a 620.9:658
|v 3
|
| 702 |
|
1 |
|a Долин
|b П. А.
|4 651
|
| 712 |
0 |
2 |
|a Московский энергетический институт (МЭИ)
|c (1930-1992)
|2 stltpush
|3 (RuTPU)RU\TPU\col\20092
|
| 801 |
|
0 |
|a RU
|b RuMRKP
|c 19950417
|g psbo
|
| 801 |
|
1 |
|a RU
|b 63413507
|c 20140925
|
| 801 |
|
2 |
|a RU
|b 63413507
|c 20161202
|g RCR
|
| 942 |
|
|
|c BK
|